[Event "Tournoi Skype 032A"]
[Site "Skype"]
[Date "????.??.??"]
[Round "4.7"]
[White "Segura Lozano, Marcos Antonio"]
[Black "Gadow, Martin"]
[Result "1-0"]
[WhiteElo "1825"]
[BlackElo "1651"]
[PlyCount "103"]

1. e4 c5 2. Nf3 a6 3. c4 Nc6 4. Nc3 e6 5. d4 cxd4 6. Nxd4 Nf6 7. Nxc6 bxc6 8.
e5 Ng8 9. Ne4 d5 10. exd6 Qa5+ 11. Qd2 Qe5 12. Qf4 Bxd6 13. Qxe5 Bxe5 14. f4
Bc7 15. c5 Ne7 16. g3 O-O 17. b3 e5 18. Nd6 Ba5+ 19. Bd2 Bxd2+ 20. Kxd2 exf4
21. gxf4 Be6 22. Bg2 Rab8 23. Rhe1 Rfd8 24. Kc3 a5 25. Rad1 Kf8 26. Rd4 Nd5+
27. Bxd5 Bxd5 28. f5 Rd7 29. Rh4 Kg8 30. Rg4 f6 31. Rg3 Kf8 32. Rge3 Bf7 33.
Rg1 g5 34. h4 gxh4 35. Rg4 Bd5 36. Rxh4 Rg7 37. Rh2 Rg1 38. Rxh7 Rc1+ 39. Kb2
Rxc5 40. Rh8+ Bg8 41. Rh5 a4 42. Rh6 Kg7 43. Rg6+ Kf8 44. Rxf6+ Kg7 45. Rg6+
Kf8 46. f6 axb3 47. axb3 Bh7 48. Rg2 Rd5 49. Re7 Bg8 50. Rxg8+ Kxg8 51. f7+ Kg7
52. Re8 1-0

[Event "Tournoi Skype 032A"]
[Site "Skype"]
[Date "????.??.??"]
[Round "4.9"]
[White "Engstrom, Olle"]
[Black "Mayor Martinez, Juan Jose"]
[Result "1-0"]
[WhiteElo "1674"]
[BlackElo "1802"]
[PlyCount "65"]

1. e4 d5 2. exd5 Qxd5 3. Nc3 Qa5 4. d4 c6 5. Bc4 e6 6. Bd2 Qb6 7. Nf3 Qxb2 8.
Rb1 Qa3 9. O-O Nf6 10. Re1 Be7 11. h3 Qd6 12. Ne4 Nxe4 13. Rxe4 O-O 14. Qe2 Qd8
15. Re1 Bf6 16. Bb4 Re8 17. Ne5 Bxe5 18. dxe5 b5 19. Bb3 a5 20. Rd1 Qb6 21. Bd6
a4 22. Red4 axb3 23. axb3 Nd7 24. Qd2 c5 25. Rg4 g6 26. Qh6 Qd8 27. Rh4 Qxh4
28. Qxh4 Bb7 29. Qh6 Be4 30. Re1 Bxc2 31. Re3 Ra3 32. Rf3 Rxb3 33. Rxf7 1-0

[Event "Tournoi Skype 032A"]
[Site "Skype"]
[Date "????.??.??"]
[Round "4.10"]
[White "Lambert, Pierre"]
[Black "Raut, Suryakant"]
[Result "0-1"]
[WhiteElo "1791"]
[BlackElo "1542"]
[PlyCount "38"]

1. e4 c5 2. Nf3 d6 3. c3 Nf6 4. e5 dxe5 5. Nxe5 a6 6. Qa4+ Nbd7 7. Na3 g6 8.
Bc4 e6 9. Nf3 Bg7 10. d4 O-O 11. Be3 Nb6 12. Qc2 Nxc4 13. Nxc4 b5 14. Nce5 c4
15. O-O Bb7 16. Bg5 Qd5 17. Rfe1 Ne4 18. Ng4 Nxg5 19. Ne3 Nxf3+ 0-1

[Event "Tournoi Skype 032A"]
[Site "Skype"]
[Date "????.??.??"]
[Round "4.11"]
[White "Saponara, Jose Maria"]
[Black "Franco Flores, Ximena"]
[Result "0-1"]
[WhiteElo "1710"]
[BlackElo "1594"]
[PlyCount "98"]

1. e4 c5 2. Nf3 d6 3. c4 Nf6 4. Nc3 Nc6 5. g3 Bg4 6. Bg2 e6 7. d3 Nd4 8. h3
Bxf3 9. Bxf3 Nxf3+ 10. Qxf3 Be7 11. O-O Nd7 12. Rd1 O-O 13. Qe2 Ne5 14. Be3 Nc6
15. Rac1 a6 16. Kg2 Bf6 17. Qd2 Qa5 18. a3 Rab8 19. Ne2 Qxd2 20. Rxd2 Rfd8 21.
d4 Na5 22. Rd3 b5 23. cxb5 c4 24. Rdd1 axb5 25. f4 g6 26. e5 Bg7 27. Nc3 b4 28.
axb4 Rxb4 29. Rc2 d5 30. Ra1 Nc6 31. Ra6 Rc8 32. Na4 Rbb8 33. Bd2 Nxd4 34. Rc1
Nb3 35. Rc2 d4 36. Be1 Bf8 37. Kf3 Bb4 38. Bxb4 Rxb4 39. g4 d3 40. Rg2 d2 41.
Ke2 c3 42. Nxc3 Rxc3 43. bxc3 Re4+ 44. Kf3 d1=Q+ 45. Kxe4 Qd5+ 46. Ke3 Qxg2 47.
f5 Qd2+ 48. Ke4 Qe2+ 49. Kf4 Qxa6 0-1

[Event "Tournoi Skype 032A"]
[Site "Skype"]
[Date "????.??.??"]
[Round "4.12"]
[White "Castellanos Gonzalez, Mariano"]
[Black "Pirola, Gabriele"]
[Result "0-1"]
[WhiteElo "1670"]
[BlackElo "1702"]
[PlyCount "78"]

1. d4 d5 2. Nf3 Nf6 3. e3 g6 4. Bd3 c6 5. O-O Bg7 6. Nbd2 O-O 7. e4 dxe4 8.
Nxe4 Nxe4 9. Bxe4 Nd7 10. c3 Re8 11. Qb3 e5 12. Ng5 Re7 13. d5 Nc5 14. Qc4 Nxe4
15. Qxe4 cxd5 16. Rd1 d4 17. cxd4 exd4 18. Qh4 h6 19. Nf3 Re8 20. Bxh6 Qxh4 21.
Nxh4 Bxh6 22. Rxd4 Bg7 23. Rb4 Re2 24. Rb1 b6 25. Kf1 Ba6 26. Kg1 Rae8 27. Nf3
Bd3 28. Rd1 Bf5 29. h3 Rxb2 30. Rxb2 Bxb2 31. g4 Be4 32. Re1 Bc6 33. Rxe8+ Bxe8
34. Nd2 Bd7 35. Nc4 Bg7 36. Ne3 Be6 37. a3 Bf8 38. Nc2 Bb3 39. Nb4 a5 0-1

[Event "Tournoi Skype 032A"]
[Site "Skype"]
[Date "????.??.??"]
[Round "4.13"]
[White "Junqueira, Leonardo De Faria"]
[Black "Alvarez, Juan Evangelista"]
[Result "0-1"]
[WhiteElo "1645"]
[BlackElo "1693"]
[PlyCount "112"]

1. e4 Nf6 2. Nc3 d6 3. Nf3 Bg4 4. Be2 Nbd7 5. d4 e5 6. dxe5 Nxe5 7. Nxe5 Bxe2
8. Qxe2 dxe5 9. O-O c6 10. Bg5 Be7 11. Rad1 Nd7 12. Be3 Qc7 13. Qg4 O-O-O 14.
Qxg7 Rdf8 15. Qg4 Rfg8 16. Qf3 Nf6 17. Rd3 Rg6 18. Rfd1 Rhg8 19. g3 h5 20. h4
Rg4 21. Bg5 Nh7 22. Qf5+ Kb8 23. Bxe7 Qxe7 24. Kf1 Nf6 25. Rd6 R4g6 26. Na4 Kc7
27. R6d2 b5 28. Nc3 Qb4 29. Qxe5+ Kb6 30. a3 Qc4+ 31. Ke1 Re8 32. Qf4 Nd5 33.
Nxd5+ cxd5 34. Qe3+ Ka6 35. Qd3 Rxe4+ 36. Re2 Rxe2+ 37. Kxe2 Qg4+ 38. Kf1 Rf6
39. Kg2 Rd6 40. Qd4 Qg6 41. Qd3 f5 42. b3 Qe6 43. c4 bxc4 44. bxc4 Kb7 45. Qb3+
Rb6 46. Qd3 dxc4 47. Qf3+ Ka6 48. Rc1 Rb3 49. Rc3 Rxc3 50. Qxc3 Kb5 51. Qb2+
Kc5 52. Qb4+ Kd4 53. Qb2+ c3 54. Qb4+ Kd3 55. Qb5+ Kd2 56. Qb4 Qe4+ 0-1

[Event "Tournoi Skype 032A"]
[Site "Skype"]
[Date "????.??.??"]
[Round "4.14"]
[White "Rodier, Marc"]
[Black "Bendre, Pankaj"]
[Result "1/2-1/2"]
[WhiteElo "1686"]
[BlackElo "1479"]
[PlyCount "53"]

1. e4 c5 2. Nf3 e6 3. d4 cxd4 4. Nxd4 a6 5. c4 Qc7 6. Be3 Nf6 7. f3 Nc6 8. Nc3
Ne5 9. Qb3 Be7 10. Be2 O-O 11. O-O d6 12. Rac1 Ned7 13. Na4 Nc5 14. Qb6 Qb8 15.
Nxc5 dxc5 16. Nb3 Nd7 17. Qa5 b6 18. Qa4 Qe5 19. Rc2 Rd8 20. Nc1 Qc7 21. Rd1
Bd6 22. g3 Bxg3 23. hxg3 Qxg3+ 24. Kf1 Qh3+ 25. Kf2 Qh2+ 26. Kf1 Qh3+ 27. Kf2
1/2-1/2

[Event "Tournoi Skype 032A"]
[Site "Skype"]
[Date "????.??.??"]
[Round "4.15"]
[White "Hahnewald, Uwe"]
[Black "Carballo, Jorge"]
[Result "1-0"]
[WhiteElo "1869"]
[BlackElo "1620"]
[PlyCount "31"]

1. e4 e5 2. Nf3 Nc6 3. Bc4 Be7 4. d4 exd4 5. Nxd4 d6 6. O-O Nf6 7. Nc3 O-O 8.
h3 Ne5 9. Bb3 Bd7 10. f4 Nc6 11. g4 h6 12. g5 hxg5 13. fxg5 Nh7 14. g6 Ng5 15.
Qh5 Nxh3+ 16. Kg2 1-0

[Event "Tournoi Skype 032A"]
[Site "Skype"]
[Date "????.??.??"]
[Round "4.16"]
[White "Lovell, Stan"]
[Black "Chavero, Victor"]
[Result "1-0"]
[WhiteElo "1684"]
[BlackElo "1563"]
[PlyCount "113"]

1. d4 Nf6 2. Nc3 d5 3. Bf4 c6 4. e3 e6 5. Bd3 Bd6 6. Bg3 Bxg3 7. hxg3 Nbd7 8.
Nf3 c5 9. O-O cxd4 10. exd4 O-O 11. Re1 Re8 12. Ne5 Qc7 13. Rc1 b6 14. Nb5 Qb8
15. Na3 Bb7 16. c3 Nf8 17. Bb5 Rc8 18. Nc2 a6 19. Bd3 a5 20. Re3 Ba6 21. Ne1
Bxd3 22. N1xd3 Ne4 23. Qh5 Qb7 24. g4 f6 25. Nf3 a4 26. a3 Nd6 27. g5 g6 28.
Qh2 f5 29. Qxd6 Rd8 30. Qf4 Rac8 31. Rce1 Re8 32. Nfe5 Rc7 33. Nb4 b5 34. Ned3
Kf7 35. Nc5 Qb6 36. Nxd5 exd5 37. Re5 Rxe5 38. Qxe5 Qc6 39. f4 Kg8 40. Re3 Rf7
41. Qe8 Qxe8 42. Rxe8 Kg7 43. Nd3 h6 44. gxh6+ Kxh6 45. Re5 Rd7 46. Nb4 g5 47.
Rxf5 Ne6 48. fxg5+ Kg6 49. Rf6+ Kxg5 50. Rxe6 Kf5 51. Re5+ Kf4 52. Nxd5+ Kg3
53. Rg5+ Kh4 54. Re5 Kg3 55. Nf6 Rf7 56. Ne4+ Kf4 57. g3+ 1-0

[Event "Tournoi Skype 032A"]
[Site "Skype"]
[Date "????.??.??"]
[Round "4.17"]
[White "Vaswani, Manohar"]
[Black "Sanchez Ruiz, Justo"]
[Result "0-1"]
[WhiteElo "1447"]
[BlackElo "1671"]
[PlyCount "102"]

1. d4 e6 2. Bf4 f5 3. e3 Nf6 4. c4 d6 5. Nf3 Be7 6. Qb3 O-O 7. Bd3 Kh8 8. O-O
Qe8 9. Nc3 Nc6 10. Nb5 Bd8 11. d5 Na5 12. Qa4 e5 13. Qxa5 b6 14. Qd2 exf4 15.
exf4 Qh5 16. Rae1 Bd7 17. Qc2 a6 18. Nc3 Ng4 19. Ne2 Nh6 20. Ng3 Qf7 21. Nh4
Bxh4 22. Re3 Bxg3 23. Rxg3 Rae8 24. Rh3 Qf6 25. Be2 Re4 26. Rf3 Rfe8 27. Re1 g6
28. Rh3 Nf7 29. Kf1 Rxf4 30. Bd3 Rxe1+ 31. Kxe1 Qd4 32. f3 Rh4 33. Rxh4 Qxh4+
34. g3 Qf6 35. Qc3 Qxc3+ 36. bxc3 Kg7 37. Ke2 Ne5 38. Ke3 Nxd3 39. Kxd3 Kf6 40.
Ke3 g5 41. f4 h6 42. fxg5+ hxg5 43. Kf3 Ke5 44. h4 g4+ 45. Ke3 Be8 46. a3 a5
47. Kd3 f4 48. gxf4+ Kxf4 49. Ke2 Kg3 50. a4 Kxh4 51. Kf2 Bxa4 0-1

[Event "Tournoi Skype 032A"]
[Site "Skype"]
[Date "????.??.??"]
[Round "4.18"]
[White "Yeter, Orhan"]
[Black "Nicolini, Francesco"]
[Result "1-0"]
[WhiteElo "1578"]
[BlackElo "1666"]
[PlyCount "169"]

1. e4 e5 2. Nf3 d6 3. d4 Nd7 4. dxe5 dxe5 5. Bb5 c6 6. Bc4 h6 7. O-O Ngf6 8.
Nc3 Bb4 9. a3 Ba5 10. b4 Bb6 11. Bb2 O-O 12. h3 Re8 13. Re1 Nh5 14. b5 Nf4 15.
Ne2 Nxe2+ 16. Qxe2 Bc7 17. Rad1 Qe7 18. a4 Nf6 19. Nh4 Nh7 20. Nf5 Qf6 21. Rd3
Be6 22. Bxe6 fxe6 23. Ng3 Rad8 24. Nh5 Qh4 25. Rg3 Rd7 26. Rg4 Qd8 27. Bc1 Nf6
28. Rg3 Nxh5 29. Qxh5 Kh8 30. Rg6 Ree7 31. Bg5 Qg8 32. Bxh6 Qh7 33. Bxg7+ Rxg7
34. Rh6 Rde7 35. Rxh7+ Rxh7 36. Qd1 Reg7 37. Kf1 Rd7 38. Qc1 Bb6 39. bxc6 bxc6
40. Rd1 Rdf7 41. f3 Bd4 42. c3 Bb6 43. Rd6 Rfg7 44. Rxe6 Rxh3 45. Rh6+ Rxh6 46.
Qxh6+ Kg8 47. Qxc6 Rh7 48. Qe8+ Kg7 49. Qxe5+ Kg8 50. Qe8+ Kg7 51. e5 Rh1+ 52.
Ke2 Rg1 53. Qe7+ Kg8 54. Qg5+ Kf7 55. a5 Bxa5 56. e6+ Kxe6 57. Qxa5 Rxg2+ 58.
Ke3 Rc2 59. Qxa7 Rxc3+ 60. Kf4 Rc4+ 61. Kg3 Rc3 62. Qa6+ Kd5 63. Qa5+ Kd4 64.
Kg4 Rc5 65. Qa1+ Kd5 66. f4 Ke6 67. Qd4 Rd5 68. Qe4+ Kd6 69. f5 Kc5 70. f6 Rd4
71. Qxd4+ Kxd4 72. f7 Ke5 73. f8=Q Ke4 74. Qf5+ Kd4 75. Kf4 Kc3 76. Ke4 Kc4 77.
Qd5+ Kc3 78. Ke3 Kc2 79. Qd3+ Kb2 80. Kd4 Kc1 81. Kc4 Kb2 82. Qc3+ Ka2 83. Kb4
Kb1 84. Qc4 Kb2 85. Qc8 1-0

[Event "Tournoi Skype 032A"]
[Site "Skype"]
[Date "????.??.??"]
[Round "4.19"]
[White "Gharbi, Said"]
[Black "Herrera, Oscar"]
[Result "0-1"]
[WhiteElo "1544"]
[BlackElo "1635"]
[PlyCount "22"]

1. e4 e5 2. f4 Nc6 3. Nf3 Nf6 4. fxe5 Nxe4 5. d3 Nc5 6. d4 Ne4 7. Bc4 d5 8.
exd6 Bxd6 9. Qe2 Bf5 10. Ng5 Nxd4 11. Qe3 Nxc2+ 0-1

[Event "Tournoi Skype 032A"]
[Site "Skype"]
[Date "????.??.??"]
[Round "4.20"]
[White "Sequeda Pimiento, Javier Ricardo"]
[Black "Munoz Gonzalez, Martin"]
[Result "1-0"]
[WhiteElo "1576"]
[BlackElo "1658"]
[PlyCount "91"]

1. e4 c5 2. Nf3 Nc6 3. d4 cxd4 4. Nxd4 e5 5. Nf3 d6 6. Nc3 Bg4 7. h3 Bh5 8. Be2
Nf6 9. Bg5 Be7 10. Bxf6 Bxf6 11. Nd5 O-O 12. O-O Bxf3 13. Bxf3 Bg5 14. c3 Ne7
15. Qd3 Nxd5 16. Qxd5 Qb6 17. b4 Qc6 18. Rad1 Rad8 19. Qxc6 bxc6 20. a4 Be7 21.
c4 Rb8 22. b5 cxb5 23. axb5 Rb6 24. Be2 a5 25. Ra1 Ra8 26. Ra4 Rb7 27. Rfa1 Bd8
28. Kf1 Bb6 29. Bd3 Kf8 30. Ke2 Ke7 31. g4 Rba7 32. f3 Bc5 33. h4 Bb4 34. b6
Rb7 35. Rxb4 axb4 36. Rxa8 Rxb6 37. Ra7+ Ke6 38. Ra5 g6 39. Rb5 Rxb5 40. cxb5
Kd7 41. Kd2 Kc7 42. Kc2 Kb6 43. Kb3 Kc5 44. Ka4 f6 45. Ka5 b3 46. b6 1-0

[Event "Tournoi Skype 032A"]
[Site "Skype"]
[Date "????.??.??"]
[Round "4.21"]
[White "Lago Carballo, Maria Del Carmen"]
[Black "Bourdeau, Yvan"]
[Result "1-0"]
[WhiteElo "1604"]
[BlackElo "1740"]
[PlyCount "100"]

1. e4 g6 2. Nf3 Bg7 3. d4 d6 4. h3 Nf6 5. Nc3 O-O 6. Bc4 Nbd7 7. O-O e5 8. dxe5
Nxe5 9. Nxe5 dxe5 10. Be3 c6 11. Qxd8 Rxd8 12. Rad1 Rd7 13. Rxd7 Bxd7 14. Rd1
Bf8 15. Bg5 Bxh3 16. gxh3 Ne8 17. Rd8 Rxd8 18. Bxd8 Kg7 19. Bg5 Nd6 20. Bd3 f6
21. Be3 Nc8 22. a3 Bd6 23. b4 b5 24. Ne2 a6 25. c4 Ne7 26. c5 Bc7 27. f4 h6 28.
fxe5 Bxe5 29. Nd4 g5 30. Kg2 Bxd4 31. Bxd4 Ng6 32. Kg3 Nf4 33. Bf1 h5 34. h4
Ne6 35. Bc3 g4 36. Bg2 Nd8 37. e5 fxe5 38. Bxe5+ Kg6 39. Be4+ Kf7 40. Bf5 Ne6
41. Be4 Nd8 42. Kf4 Ne6+ 43. Kf5 g3 44. Bxg3 Nd4+ 45. Kg5 Ne2 46. Bf2 Nc3 47.
Be3 Kg7 48. Bd3 Ne2 49. Bd4+ Kf7 50. Bf5 Nxd4 1-0

[Event "Tournoi Skype 032A"]
[Site "Skype"]
[Date "????.??.??"]
[Round "4.22"]
[White "Khetre, Gaurav"]
[Black "Grib, Johannes"]
[Result "1/2-1/2"]
[WhiteElo "1701"]
[BlackElo "1599"]
[PlyCount "55"]

1. e4 c5 2. f4 e6 3. Nf3 Nc6 4. c3 Qc7 5. d4 cxd4 6. cxd4 Bb4+ 7. Bd2 Bxd2+ 8.
Qxd2 a6 9. Nc3 b5 10. a3 Na5 11. Qe3 Bb7 12. Bd3 Nb3 13. Rd1 Na5 14. O-O Ne7
15. Rc1 Qb6 16. Rfe1 Rc8 17. Kh1 Nc4 18. Qe2 Ng6 19. g3 O-O 20. Nd2 Nxb2 21.
Bb1 Qxd4 22. Na2 f5 23. Nf3 Qf6 24. e5 Bxf3+ 25. Qxf3 Qe7 26. Nb4 Nc4 27. Nxa6
Nd2 28. Qe3 1/2-1/2

[Event "Tournoi Skype 032A"]
[Site "Skype"]
[Date "????.??.??"]
[Round "4.24"]
[White "Perrone, Gabriel Lorenzo"]
[Black "Pasasin, Alejandro"]
[Result "1/2-1/2"]
[WhiteElo "1629"]
[BlackElo "1576"]
[PlyCount "171"]

1. d4 Nf6 2. c4 g6 3. Nc3 d5 4. Bg5 e6 5. cxd5 exd5 6. Bxf6 Qxf6 7. Nxd5 Qd8 8.
e4 Bg7 9. Nf3 O-O 10. Nc3 Nc6 11. e5 Bg4 12. Be2 Bxf3 13. Bxf3 Nxd4 14. Bxb7
Rb8 15. Bd5 Bxe5 16. O-O Rxb2 17. Re1 Bg7 18. Rb1 Qb8 19. Kf1 Nc2 20. Na4 Qb5+
21. Kg1 Nxe1 22. Nxb2 Bxb2 23. Bb3 Qe5 24. Qxe1 Qxe1+ 25. Rxe1 Bd4 26. Re7 Bb6
27. g3 Kg7 28. Kg2 Kf6 29. Rd7 c5 30. a4 g5 31. a5 Bxa5 32. Rxa7 Bb4 33. Bc4 h5
34. h3 Kg6 35. Kf3 f5 36. Ra6+ Rf6 37. Ra8 g4+ 38. hxg4 fxg4+ 39. Kg2 Be1 40.
Bd3+ Kg7 41. Ra7+ Kf8 42. Rc7 Bxf2 43. Rh7 Bd4 44. Rxh5 Rf2+ 45. Kh1 Rf3 46.
Rf5+ Kg7 47. Rg5+ Kf6 48. Rg6+ Ke5 49. Bc4 Ke4 50. Rxg4+ Ke3 51. Kg2 Rf2+ 52.
Kh3 Rc2 53. Bd5 c4 54. Be4 Rc1 55. Bh7 c3 56. Re4+ Kd3 57. Re1+ Kd2 58. Rxc1
Kxc1 59. Kg4 Kd2 60. Kh5 Ke3 61. g4 Kf4 62. Bc2 Bf6 63. Kg6 Be5 64. Kh5 Bf6 65.
Kg6 Bg5 66. Kh5 Bd8 67. Ba4 Bg5 68. Bd1 Bd8 69. Kg6 Bg5 70. Kf7 Ke5 71. Kg6 Kf4
72. Kh5 Bd8 73. Bc2 Bg5 74. Bf5 Bd8 75. Bd3 Bg5 76. Bb1 Bd8 77. Bd3 Bg5 78. Bf5
Bd8 79. Bb1 Bg5 80. Bc2 Bd8 81. Bb3 Bg5 82. Ba4 Bd8 83. Bd1 Bg5 84. Bb3 Bd8 85.
Ba4 Bg5 86. Bd1 1/2-1/2

[Event "Tournoi Skype 032A"]
[Site "Skype"]
[Date "????.??.??"]
[Round "4.25"]
[White "Abdulrazzaq, Mohsen"]
[Black "Morales Terreros, Jose Luis"]
[Result "0-1"]
[WhiteElo "1585"]
[BlackElo "1623"]
[PlyCount "54"]

1. e4 e5 2. Nf3 Nc6 3. d4 exd4 4. Nxd4 Nf6 5. Nxc6 bxc6 6. Bg5 h6 7. Bxf6 Qxf6
8. Nd2 Bc5 9. Qe2 Qxb2 10. Nb3 Bb4+ 11. Kd1 O-O 12. Qc4 a5 13. Bd3 d5 14. exd5
cxd5 15. Qxd5 Be6 16. Qe4 g6 17. Ke2 Bf5 18. Qc4 Rfe8+ 19. Kf3 Bxd3 20. cxd3
Qf6+ 21. Qf4 Qc6+ 22. Kg4 Qxg2+ 23. Qg3 h5+ 24. Kg5 Re5+ 25. Kf4 Rf5+ 26. Ke3
Re8+ 27. Kd4 Qd5# 0-1

[Event "Tournoi Skype 032A"]
[Site "Skype"]
[Date "????.??.??"]
[Round "4.26"]
[White "Khabou, Taha"]
[Black "De Nobrega, George"]
[Result "1/2-1/2"]
[WhiteElo "1615"]
[BlackElo "1572"]
[PlyCount "77"]

1. d4 Nf6 2. Bf4 d5 3. e3 Bf5 4. Bd3 Bxd3 5. Qxd3 Nc6 6. Nf3 e6 7. Qb5 Rb8 8.
Ne5 Qd6 9. Nxf7 Qb4+ 10. Qxb4 Nxb4 11. Nxh8 Nxc2+ 12. Kd2 Nxa1 13. Nc3 Bb4 14.
Rxa1 Rc8 15. f3 Kf8 16. g4 Kg8 17. g5 Nd7 18. Ng6 hxg6 19. Rc1 c5 20. dxc5 Rxc5
21. a3 Bxc3+ 22. Rxc3 Rxc3 23. Kxc3 Kf8 24. b4 a6 25. a4 b5 26. a5 Ke8 27. Kd4
Ke7 28. Be5 Kf7 29. e4 dxe4 30. Kxe4 Nf8 31. Kd4 Nd7 32. f4 Kf8 33. Bd6+ Kf7
34. h3 Kg8 35. h4 Kf7 36. Be5 Kg8 37. Bd6 Kf7 38. Ke4 Kg8 39. Kd4 1/2-1/2

[Event "Tournoi Skype 032A"]
[Site "Skype"]
[Date "????.??.??"]
[Round "4.27"]
[White "Llabres, Sergio"]
[Black "Hadla, Mohammad Ali"]
[Result "1/2-1/2"]
[WhiteElo "1556"]
[BlackElo "1614"]
[PlyCount "69"]

1. d4 Nf6 2. Bf4 e6 3. a3 Nc6 4. Nc3 b6 5. Nb5 Nd5 6. Bg3 a6 7. e4 axb5 8. exd5
exd5 9. Bxb5 Be7 10. Nf3 Bb7 11. c3 O-O 12. O-O Bf6 13. Bd3 Ne7 14. Ne5 d6 15.
Qc2 dxe5 16. dxe5 Bg5 17. Bxh7+ Kh8 18. Bd3 Ng6 19. Bxg6 fxg6 20. Qxg6 Bh6 21.
Rad1 Qg5 22. Qd3 Ba6 23. Qxd5 Bxf1 24. Kxf1 Rad8 25. Qb3 Rxd1+ 26. Qxd1 Rd8 27.
Qc2 Qc1+ 28. Qxc1 Bxc1 29. Bh4 Rd2 30. g3 Rxb2 31. a4 g5 32. e6 gxh4 33. e7 Bh6
34. e8=Q+ Kh7 35. Qe7+ 1/2-1/2

[Event "Tournoi Skype 032A"]
[Site "Skype"]
[Date "????.??.??"]
[Round "4.28"]
[White "L'Herbon De Lussats, Jean"]
[Black "Kumbhar, Ashok"]
[Result "0-1"]
[WhiteElo "1493"]
[BlackElo "1511"]
[PlyCount "100"]

1. d4 Nf6 2. c4 e6 3. Nf3 d5 4. g3 c5 5. Bg2 Nc6 6. Nc3 cxd4 7. Nxd4 Bc5 8.
Ndb5 a6 9. Na3 b5 10. cxb5 axb5 11. Naxb5 Ba6 12. O-O Qa5 13. a4 O-O 14. b3
Rfb8 15. Na2 Bxb5 16. axb5 Rxb5 17. Bd2 Qb6 18. e3 Rxb3 19. Qxb3 Qxb3 20. Nc1
Rxa1 21. Nxb3 Rxf1+ 22. Bxf1 Bb4 23. Bb5 Bxd2 24. Nxd2 Na7 25. Bd3 e5 26. f3
Kf8 27. Kf2 Ke7 28. g4 e4 29. Bc2 exf3 30. g5 Nh5 31. Bxh7 g6 32. Kxf3 Kf8 33.
e4 dxe4+ 34. Nxe4 Kg7 35. Nf6 Nxf6 36. gxf6+ Kxh7 37. Kg4 Kh6 38. h4 Nc6 39.
Kf4 Kh5 40. Kg3 g5 41. hxg5 Kxg5 42. Kf3 Kxf6 43. Kf4 Nd4 44. Ke4 Ne6 45. Kd5
Kf5 46. Kd6 Ke4 47. Ke7 f5 48. Kxe6 f4 49. Kf6 f3 50. Kg5 f2 0-1

[Event "Tournoi Skype 032A"]
[Site "Skype"]
[Date "????.??.??"]
[Round "4.29"]
[White "Davis, Michael"]
[Black "Lopes, Marcia Maria"]
[Result "0-1"]
[WhiteElo "1590"]
[BlackElo "1579"]
[PlyCount "102"]

1. e4 c5 2. Nf3 d6 3. d4 cxd4 4. Nxd4 Nf6 5. Nc3 a6 6. Be2 e6 7. O-O Be7 8. Be3
O-O 9. Re1 Qc7 10. h3 e5 11. Nb3 Be6 12. Qd2 Rd8 13. Bd3 Nbd7 14. Rad1 Nc5 15.
Nxc5 dxc5 16. Na4 b5 17. Nxc5 Bxc5 18. Qc3 Rac8 19. Bxc5 Qxc5 20. Qxc5 Rxc5 21.
b3 h6 22. f3 a5 23. Re2 b4 24. Red2 Rd4 25. Kf2 Ne8 26. Ke3 Nc7 27. Bc4 Rxd2
28. Rxd2 Bxc4 29. bxc4 Rxc4 30. Rd8+ Kh7 31. Kd3 Rc3+ 32. Kd2 Ne6 33. Rd3 Rxd3+
34. Kxd3 Nf4+ 35. Kc4 Nxg2 36. Kb5 Ne3 37. Kxa5 Nxc2 38. Ka4 Kg8 39. Kb3 Nd4+
40. Kxb4 Kf8 41. Kc5 Ke7 42. Kd5 f6 43. f4 Nb5 44. fxe5 Nc3+ 45. Kd4 Nxa2 46.
exf6+ Kxf6 47. e5+ Ke6 48. h4 Nc1 49. Ke4 Nb3 50. Kf4 Nc5 51. h5 Nd7 0-1

[Event "Tournoi Skype 032A"]
[Site "Skype"]
[Date "????.??.??"]
[Round "4.30"]
[White "Sosa, Juan Carlos"]
[Black "Garcia Andrinal, Antonio"]
[Result "0-1"]
[WhiteElo "1569"]
[BlackElo "1725"]
[PlyCount "110"]

1. d4 d5 2. Bf4 e6 3. e3 Bd6 4. Ne2 Nf6 5. Nbc3 c6 6. f3 Qc7 7. Qd2 e5 8. dxe5
Bxe5 9. Bxe5 Qxe5 10. O-O-O O-O 11. Nd4 Nbd7 12. Be2 Nc5 13. f4 Qe7 14. Bf3
Nce4 15. Bxe4 Nxe4 16. Nxe4 Qxe4 17. Rhe1 Bg4 18. Nf3 Bxf3 19. gxf3 Qxf3 20.
Rg1 Qe4 21. Rde1 Rfe8 22. Qg2 Qxg2 23. Rxg2 Re4 24. h4 Rae8 25. Rg3 g6 26. h5
Rxf4 27. exf4 Rxe1+ 28. Kd2 Rh1 29. hxg6 hxg6 30. f5 Kg7 31. fxg6 fxg6 32. Re3
Rf1 33. a4 Rf2+ 34. Kd3 c5 35. Re7+ Rf7 36. Re5 Rd7 37. c4 Kf6 38. Rxd5 Rxd5+
39. cxd5 Ke5 40. Kc4 Kd6 41. a5 g5 42. b4 cxb4 43. Kxb4 Kxd5 44. Kc3 g4 45. Kd2
Kc5 46. Ke3 Kb5 47. Kf4 Kxa5 48. Kxg4 Kb4 49. Kf3 a5 50. Ke3 Kc3 51. Ke2 Kc2
52. Ke3 a4 53. Kd4 a3 54. Kc4 a2 55. Kb5 a1=Q 0-1

[Event "Tournoi Skype 032A"]
[Site "Skype"]
[Date "????.??.??"]
[Round "4.31"]
[White "Vello, Pablo"]
[Black "De Fazio, Monica"]
[Result "1-0"]
[WhiteElo "1514"]
[BlackElo "1603"]
[PlyCount "49"]

1. d4 Nf6 2. Nc3 g6 3. Bf4 a6 4. Qd2 d5 5. f3 Bg7 6. Bh6 O-O 7. h4 Nbd7 8. h5
e5 9. hxg6 exd4 10. gxh7+ Nxh7 11. Bxg7 dxc3 12. Qh6 Ndf6 13. Bxf8 Qxf8 14.
Qxf8+ Kxf8 15. bxc3 Bf5 16. O-O-O Re8 17. Nh3 Re3 18. Kb2 Nd7 19. Rxd5 Be6 20.
Rh5 Nhf6 21. Rh8+ Ke7 22. Nf4 Nc5 23. Nxe6 fxe6 24. R1h4 Na4+ 25. Rxa4 1-0

[Event "Tournoi Skype 032A"]
[Site "Skype"]
[Date "????.??.??"]
[Round "4.32"]
[White "Le Brun, Yves"]
[Black "Ramirez Reina, Orlando"]
[Result "0-1"]
[WhiteElo "1601"]
[BlackElo "1567"]
[PlyCount "106"]

1. d4 Nf6 2. Bf4 c5 3. c3 cxd4 4. Qxd4 Nc6 5. Qd1 e5 6. Bg3 d5 7. h3 Bd6 8. e3
e4 9. Bxd6 Qxd6 10. Bb5 O-O 11. Ne2 a6 12. Bxc6 bxc6 13. Na3 Rd8 14. Nc2 a5 15.
Ncd4 g6 16. Nf4 Ba6 17. a4 c5 18. Nb5 Bxb5 19. axb5 Qb6 20. Qa4 Rdb8 21. c4
dxc4 22. Qxc4 Qxb5 23. Qxb5 Rxb5 24. O-O-O Rab8 25. Rd2 a4 26. Rhd1 a3 27. Rd8+
Kg7 28. Rxb8 Rxb8 29. bxa3 Rb3 30. a4 Ra3 31. Kb2 Rxa4 32. Rc1 Rb4+ 33. Kc3 Kf8
34. Rd1 Ke7 35. Nd5+ Nxd5+ 36. Rxd5 Ra4 37. Rxc5 f5 38. Rc7+ Kf6 39. Rxh7 Ra2
40. g4 Rxf2 41. gxf5 gxf5 42. Rh6+ Kg7 43. Rh4 Kg6 44. Kd4 Kg5 45. Rh8 Rf3 46.
h4+ Kg6 47. h5+ Kg7 48. Rd8 Rh3 49. Rd7+ Kh6 50. Rd5 Rxh5 51. Ke5 f4+ 52. Kxf4
Rxd5 53. Kxe4 Rd8 0-1

[Event "Tournoi Skype 032A"]
[Site "Skype"]
[Date "????.??.??"]
[Round "5.1"]
[White "Rico Hernandez, Edgar"]
[Black "Elias, Roberto"]
[Result "0-1"]
[WhiteElo "1843"]
[BlackElo "1821"]
[PlyCount "80"]

1. d4 Nf6 2. c4 e6 3. Nc3 Bb4 4. f3 d5 5. a3 Bxc3+ 6. bxc3 c5 7. e3 Nc6 8. Bd3
Qa5 9. Bd2 O-O 10. Ne2 Qc7 11. Rc1 b6 12. cxd5 exd5 13. O-O Bb7 14. Ng3 Qd7 15.
Qe1 Rfe8 16. Qf2 Rad8 17. Rce1 Na5 18. Rb1 cxd4 19. cxd4 Nc4 20. Bc1 Nd6 21.
Qa2 h5 22. a4 h4 23. Ne2 Nf5 24. Bxf5 Qxf5 25. a5 Ba6 26. Re1 Bc4 27. Qa1 b5
28. h3 Nh5 29. Rb2 Re6 30. Nc3 Rg6 31. e4 Qxf3 32. Rf2 Qxh3 33. Re3 Qg4 34.
Nxd5 Bxd5 35. exd5 h3 36. Qb2 Nf6 37. Qxb5 hxg2 38. Ree2 Qxd4 39. Qb3 Rxd5 40.
Rd2 Rh5 0-1

[Event "Tournoi Skype 032A"]
[Site "Skype"]
[Date "????.??.??"]
[Round "5.2"]
[White "Grosso, Raul"]
[Black "Rincon Martin, Santiago"]
[Result "1-0"]
[WhiteElo "1848"]
[BlackElo "1673"]
[PlyCount "115"]

1. d4 Nf6 2. Bf4 d6 3. Nc3 g6 4. e4 Bg7 5. Qd2 O-O 6. O-O-O a6 7. Bh6 b5 8. f3
b4 9. Nce2 a5 10. h4 Kh8 11. h5 Bxh6 12. Qxh6 Ng8 13. Qf4 h6 14. g4 g5 15. Qg3
Nd7 16. f4 f6 17. e5 Bb7 18. Rh2 Bd5 19. Bg2 Bxg2 20. Rxg2 Nb6 21. d5 dxe5 22.
fxg5 hxg5 23. Qd3 Qe8 24. Ng3 Nh6 25. Nf5 Nxf5 26. Qxf5 Qf7 27. Rgd2 Rfd8 28.
Qe4 Qh7 29. Qg2 Rd6 30. Ne2 Qg8 31. Ng3 Rad8 32. Nf5 R6d7 33. Ne3 e6 34. d6
Rxd6 35. Rxd6 Rxd6 36. Rxd6 cxd6 37. Qc6 Qd8 38. Qb7 Nd7 39. Nc4 Nc5 40. Qf7
Qg8 41. Qxf6+ Kh7 42. Nxd6 Nd7 43. Qf3 Qf8 44. Qxf8 Nxf8 45. Nf7 Kg7 46. Nxg5
Kf6 47. Ne4+ Kg7 48. Kd2 Nd7 49. g5 Nb6 50. Nc5 Nc4+ 51. Kd3 Nxb2+ 52. Ke4 Nc4
53. Nxe6+ Kg8 54. Kf5 a4 55. h6 Ne3+ 56. Kg6 Nxc2 57. h7+ Kh8 58. Nd8 1-0